000 00647nam a2200181 i 4500
001 187107
003 SpMaBN
005 20230906222822.0
008 170417s1957 sp cf |||| |bspa d
080 _a929 Borgia, Lucrezia
100 1 _aOnieva, Antonio J.
_987081
245 1 0 _aLucrecia Borgia
_b: leyenda y realidad /
_cAntonio J. Onieva.
260 _aBarcelona :
_bNoguer,
_c1957 (
_fImp. Moderna)
300 _a336 p., 15 h. de lám. ;
_c22 cm.
504 _aBibliografía: p. [325]-332.
600 1 7 _aBorgia, Lucrezia.
_930479
852 _aES-MaACL
_jL-31429
_z- enc. tela
_z. - Donat. herederos de la bibl. de Mª del Pilar Costa Palacín
999 _c187107
_d187107